01126 a2200217 4500010001400000020002600014035001300040037001800053082001300071090001500084100002400099245008400123260004600207300005800253500002000311500036400331650003600695942002500731999001500756952013700771 aENG-85878 a9788120332188c695.00 aEN-69411 bD.B.Act / Pub14a651.8425 c3871d38711 aKrieger, Stephanie.10aAdvanced Microsoft Office documents 2007 edition inside outcStephanie Krieger. aNew DelhibPrentice-Hall of Indiacc2007. axxv, 671 p.bill.c23 cm. (Pbk)e1 CD-ROM (4 3/4 in.) aIncludes index. aAccompanying CD-ROM contains fully searchable eBook, sample documents and templates, VBA and Office Open XML code samples, author webcasts, tool for binding custom XML to content controls in Word 2007, files for customizing the Fluent Ribbon, links to articles, blogs, and developer learning resources, Windows Vista product guide eReference and other eBooks. aMicrosoft office documents 2007 adplcENk005.3 / KRI c3793d3793 00102ddc40718NFICaDBADbDBADeDBAD/PUBg695.00l0o651.8425 KRIpEN-69411r2008-09-15 00:00:00t1u4029v695.00w2008-09-15yEN